000 00416nam a2200169Ia 4500
008 230711s9999||||xx |||||||||||||| ||und||
020 _a978-81-203-1268-5
041 _aENG
082 _a539.41
_bKH-I
100 _aKhanna,M.P
245 0 _aIntroduction to particle Physics
250 _a5th Ed.
260 _c2013
_aNew Delhi
_bPHI Learning Private Limited
300 _a297p.
650 _aPhysics
942 _cBK
999 _c5769
_d5769